Europa : ein Überblick über die Zeugnisse des Mythos in der antiken Literatur und Kunst

Gespeichert in:
Bibliographische Detailangaben
VerfasserIn: Bühler, Winfried (VerfasserIn)
Dokumenttyp: Buch
Sprache:German
Veröffentlicht: München : Fink , 1968
Schlagwörter:
Bibliogr. Hinweis:Rezensiert in: [Rezension von: Winfried Bühler, Europa]
Verantwortlich:Winfried Buehler
LEADER 03735cam a22007452c 4500
001 1070849510
003 DE-627
005 20260615230509.0
007 tu
008 850101s1968 xx ||||| 00| ||ger c
035 |a (DE-627)1070849510 
035 |a (DE-603)110467523 
035 |a (DE-576)000849510 
035 |a (DE-599)BSZ000849510 
035 |a (OCoLC)1573432406 
035 |a (OCoLC)00991274 
035 |a (OCoLC)1510679611 
035 |a (DE-604)8029244676 
040 |a DE-627  |b ger  |c DE-627  |e rakwb 
041 |a ger 
082 0 |a 809.933 
084 |a 1  |2 ssgn 
084 |a FB 4018  |2 rvk  |0 (DE-625)rvk/29944: 
084 |a BE 7252  |2 rvk  |0 (DE-625)rvk/10620:218 
084 |a FB 5875  |2 rvk  |0 (DE-625)rvk/30041: 
100 1 |8 1\p  |a Bühler, Winfried  |d 1929-2010  |0 (DE-588)105032786  |0 (DE-627)618239537  |0 (DE-576)317828436  |4 aut 
245 1 0 |a Europa  |b ein Überblick über die Zeugnisse des Mythos in der antiken Literatur und Kunst  |c Winfried Buehler 
264 1 |a München  |b Fink  |c 1968 
300 |a 84 S.  |b Ill. 
336 |a Text  |b txt  |2 rdacontent 
337 |a ohne Hilfsmittel zu benutzen  |b n  |2 rdamedia 
338 |a Band  |b nc  |2 rdacarrier 
505 8 |a Literaturangaben 
583 1 |a Archivierung/Langzeitarchivierung gewährleistet  |f SSG  |x XA-DE-BW  |2 pdager  |5 DE-21 
600 0 7 |0 (DE-588)118531409  |0 (DE-627)694778087  |0 (DE-576)208913084  |a Europa  |c Fiktive Gestalt  |2 gnd 
648 7 |a Geschichte 800 v. Chr.-500  |2 gnd 
650 0 7 |0 (DE-588)4114333-4  |0 (DE-627)105822957  |0 (DE-576)209483733  |a Kunst  |2 gnd 
650 0 7 |0 (DE-588)4035964-5  |0 (DE-627)106245015  |0 (DE-576)209015608  |a Literatur  |2 gnd 
689 0 0 |d p  |0 (DE-588)118531409  |0 (DE-627)694778087  |0 (DE-576)208913084  |a Europa  |c Fiktive Gestalt  |2 gnd 
689 0 1 |d s  |0 (DE-588)4114333-4  |0 (DE-627)105822957  |0 (DE-576)209483733  |a Kunst  |2 gnd 
689 0 2 |a z  |2 gnd  |a Geschichte 800 v. Chr.-500 
689 0 |5 (DE-627) 
689 1 0 |d p  |0 (DE-588)118531409  |0 (DE-627)694778087  |0 (DE-576)208913084  |a Europa  |c Fiktive Gestalt  |2 gnd 
689 1 1 |d s  |0 (DE-588)4035964-5  |0 (DE-627)106245015  |0 (DE-576)209015608  |a Literatur  |2 gnd 
689 1 2 |a z  |2 gnd  |a Geschichte 800 v. Chr.-500 
689 1 |5 (DE-627) 
787 0 8 |i Rezensiert in  |a Lendle, Otto, 1926 - 1999  |t [Rezension von: Winfried Bühler, Europa]  |d Kevelaer, Rhld. : Verlag Butzon & Berker, 1969  |w (DE-627)1771333014 
883 |8 1\p  |a cgwrk  |d 20241001  |q DE-101  |u https://d-nb.info/provenance/plan#cgwrk 
935 |a mteo 
936 r v |a FB 4018  |b griechisch und römisch (antike)  |k Klassische Philologie. Byzantinistik. Mittellateinische und Neugriechische Philologie. Neulatein  |k Altertumskunde  |k Mythologie  |k griechisch und römisch (antike)  |0 (DE-627)1270770365  |0 (DE-625)rvk/29944:  |0 (DE-576)200770365 
936 r v |a BE 7252  |b Einzelprobleme  |k Theologie und Religionswissenschaften  |k Religionswissenschaft  |k Religionsgeschichte  |k Alteuropäische Religionen  |k Antikes Griechenland und Römisches Reich  |k Gesamtdarstellungen  |k Einzelprobleme  |0 (DE-627)1272183238  |0 (DE-625)rvk/10620:218  |0 (DE-576)202183238 
936 r v |a FB 5875  |b Stoff- und Motivgeschichte  |k Klassische Philologie. Byzantinistik. Mittellateinische und Neugriechische Philologie. Neulatein  |k Klassische Literaturen i.a. (Griechisch und Latein umfassende Arbeiten)  |k Literaturgeschichte  |k Stoff- und Motivgeschichte  |0 (DE-627)1270771108  |0 (DE-625)rvk/30041:  |0 (DE-576)200771108 
936 s n |a f100  |2 mzub 
936 s n |a b100  |2 mzub 
936 s n |a n400  |2 mzub 
936 s n |a e100  |2 mzub 
951 |a BO 
990 |a Europa <Fiktive Gestalt>  
990 |a Kunst 
990 |a Geschichte 800 v. Chr.-500 
990 |a Europa <Fiktive Gestalt>  
990 |a Literatur 
990 |a Geschichte 800 v. Chr.-500 
991 |a Rezensiertes Werk 
999 |a KXP-PPN1070849510  |e 4977317289